• 首页
  • 本馆介绍
  • 公告通知
  • 最新文献
  • 馆藏检索
  • 电子资源
  • 读者导购
  • 参考咨询
  • 我的图书馆
  • 登录
  • 详细信息显示
  • 放入我的书架
  • 预约/预借图书
  • 作者相关作品
  • 分类相关作品
  • 丛书相关作品
  • 出版社相关作品

书目信息

  • 表格格式
  • 工作单格式
  • 卡片格式
题名:
每个人都“噗”
    
 
作者: ;铁皮人科技 编绘
分册:  
出版信息: 成都   四川少年儿童出版社  2016
页数: 37页
开本: 22cm
丛书名:
单 册:
中图分类: R334-49
科图分类:
主题词: 排泄--人体生理学--儿童读物
电子资源:
ISBN: 978-7-5365-7593-6
000 00684nam0 2200229 450
001 5632
005 20180528213613.14
010    @a978-7-5365-7593-6@dCNY14.80
100    @a20161213d2016 cemy0chiy50 ea
101 0  @achi
102    @aCN@b510000
105    @aa z 000yy
200 1  @a每个人都“噗”@9mei ge ren du “ pu ”@e放屁是怎么回事@f铁皮人科技编绘
210    @a成都@c四川少年儿童出版社@d2016
215    @a37页@c彩图@d22cm
300    @a精灵鼠科学童话绘本
510 1  @aEverybody "puffs"@zeng
606 0  @a排泄@x人体生理学@j儿童读物
690    @aR334-49@v5
711 02 @a铁皮人科技@9tie pi ren ke ji@4编绘
801  0 @aCN@b91MARC@c20161213
905    @aMuseLib@dR334-49@e301
    
    每个人都“噗”:放屁是怎么回事/铁皮人科技编绘.-成都:四川少年儿童出版社,2016
    37页:彩图;22cm
    精灵鼠科学童话绘本
    
    ISBN 978-7-5365-7593-6:CNY14.80
    
●
相关链接 在E读中查询图书 在五车中查询图书 在当当中查询图书 在豆瓣中查询图书


正题名:每个人都"噗"     索取号:R334-49/301         预约/预借

序号 登录号 条形码 馆藏地/架位号 状态 备注
1 1114058   211140585   第二样本阅览室/ [索取号:R334-49/301] 在馆    
2 1114059   211140594   教育系资料室/ [索取号:R334-49/301] 在馆    
3 1114060   211140601   教育系资料室/ [索取号:R334-49/301] 在馆    
4 1114061   211140610   第三借阅区/ [索取号:R334-49/301] 在馆    
唐山师范学院图书馆 欢迎您!
大连网信软件有限公司© 版权所有